00432 2200157 4500001002100000008004100021035002000062245004200082100002100124260004900145300003100194084001400225082000800239650001500247990001200262INLIS000000000000901 Ind  a0010-1024000032 aPsikologi OrganisasicEdgar H. Schein aSchein, Edgar H. aJakarta :bPustaka Bina Aman Pressindoc1983 axvi, 304 halaman :c24 cm. a658 SCH p a658 aMANAGEMENT a0001295